|
|
|
|
| LEADER |
00000nab a2200000uu 4500 |
| 001 |
vtls010884402 |
| 003 |
SK-MaSNL |
| 005 |
20260303145120.0 |
| 008 |
230222|1964 xo |||||||||||||||||slo| |
| 015 |
|
|
|a SNBRB
|
| 035 |
|
|
|a (urnnbn)urn:nbn:sk:snk:ar-002aor
|
| 035 |
|
|
|a (uuid)613273a2-e1ae-4e8b-a0af-6ba8905a4e68
|
| 035 |
|
|
|a urn:nbn:sk:snk-ab8fp5
|
| 040 |
|
|
|a SNKBUCL
|b slo
|c SNKBUCL
|e AACR2
|
| 041 |
0 |
|
|a slo
|
| 044 |
|
|
|a xo
|c SK
|
| 100 |
1 |
|
|a -vd -
|4 aut
|9 963575
|
| 245 |
1 |
0 |
|a Generální katalog hudebnin a knih o hudbě
|c -Vd -
|
| 773 |
0 |
|
|t Slovenská hudba : revue pre hudobnú kultúru
|g Roč. 8, č. 6 (1964), s. 192
|
| 954 |
|
|
|a odborná, vedecká literatúra pôvodná (slovenská)
|2 lita
|
| 958 |
|
|
|a OND
|
| 958 |
|
|
|a EUIPO
|
| 958 |
|
|
|a article10
|
| 999 |
|
|
|c 2000570
|d 2002500
|